logo

Bir Sreshtho Munshi Abdur Rouf Library
Jhenaidah Cadet College

Contemporary Challenges for Vocational Education. 1982 Yearbook of the American Vocational Association / (Record no. 6211)

MARC details
000 -LEADER
fixed length control field 04024nam a22007092u 4500
001 - CONTROL NUMBER
JCCL Control Number 6211
003 - CONTROL NUMBER IDENTIFIER
JCCL marc code BD-JhCC
005 - DATE AND TIME OF LATEST TRANSACTION
control field 20180312183526.0
008 - FIXED-LENGTH DATA ELEMENTS--GENERAL INFORMATION
fixed length control field 080220s1981 xxu ||| b ||| | eng d
020 ## - INTERNATIONAL STANDARD BOOK NUMBER
International Standard Book Number 9780895140371 :
Terms of availability $18.00
020 ## - INTERNATIONAL STANDARD BOOK NUMBER
International Standard Book Number 0895140373 :
Terms of availability $18.00
035 ## - SYSTEM CONTROL NUMBER
system control number (BD-JhCC)6211
040 ## - CATALOGING SOURCE
Original cataloging agency ericd
Transcribing agency ericd
Modifying agency MvI
-- (BD-JhCC)
041 ## - LANGUAGE CODE
Language code of Book eng
082 ## - DEWEY DECIMAL CLASSIFICATION NUMBER
Classification number 370.1130973
Author mark and Year CON 1981
091 ## - MICROFILM SHELF LOCATION (AM) [OBSOLETE]
Microfilm shelf location mfm
110 2# - MAIN ENTRY--CORPORATE NAME
Corporate name or jurisdiction name as entry element American Vocational Association, Arlington, VA.
245 10 - TITLE STATEMENT
Title Contemporary Challenges for Vocational Education. 1982 Yearbook of the American Vocational Association /
Statement of responsibility, etc Katy B. Greenwood, Ed.
260 ## - PUBLICATION, DISTRIBUTION, ETC. (IMPRINT)
Place of publication, distribution, etc Washington, D.C. :
Name of publisher, distributor, etc Distributed by ERIC Clearinghouse,
Date of publication, distribution, etc 1981.
300 ## - PHYSICAL DESCRIPTION
Pagination 295 p.
Dimensions 26 cm.
500 ## - GENERAL NOTE
General note Availability: The American Vocational Association, Inc., 2020 North Fourteenth St., Arlington, VA 22201 (hardcover, $18.00; paperback, $9.00).
Institution to which field applies ericd
520 ## - SUMMARY, ETC.
Summary, etc This yearbook contains 24 reports concerning the following seven challenges currently facing vocational education: new needs for job training, reexamining value bases, a growing network of vocational educators, reflecting on past effectiveness, the continuing challenge to meet individual and special needs, strengthening curricula and instruction, and new issues and directions for the 1980s. Covered first are changing lifestyles, economy, and inflation in the 1980s and vocational education in an era of supply-side economic policy. In a discussion of reexamining value bases, the following issues are addressed: debates over terminology, redefining the work ethic for the 1980s, early values underlying vocational education, and cultural foundations of black leadership. Commentary is provided on the changing fortunes of the Comprehensive Employment and Training Act (CETA), apprenticeship training and vocational education as partners, and trends in business and industry training. Analyzed next are vocational solutions to youth problems, criticisms of job training, the contribution of vocational education, increasing opportunities for entrepreneurs, and women in vocational education. Competency-based instruction, employability skills training, and secondary school vocational education are examined. Described next are possible roles of vocational education in economic development and reindustrialization as well as multi-agency system linkages and coordination. (MN)
650 07 - SUBJECT ADDED ENTRY--TOPICAL TERM
Topical term or geographic name as entry element Apprenticeships.
650 07 - SUBJECT ADDED ENTRY--TOPICAL TERM
Topical term or geographic name as entry element Blacks.
650 07 - SUBJECT ADDED ENTRY--TOPICAL TERM
Topical term or geographic name as entry element Competency Based Education.
650 07 - SUBJECT ADDED ENTRY--TOPICAL TERM
Topical term or geographic name as entry element Curriculum Development.
650 07 - SUBJECT ADDED ENTRY--TOPICAL TERM
Topical term or geographic name as entry element Economic Development.
650 07 - SUBJECT ADDED ENTRY--TOPICAL TERM
Topical term or geographic name as entry element Educational Cooperation.
650 17 - SUBJECT ADDED ENTRY--TOPICAL TERM
Topical term or geographic name as entry element Educational Needs.
650 17 - SUBJECT ADDED ENTRY--TOPICAL TERM
Topical term or geographic name as entry element Educational Objectives.
650 17 - SUBJECT ADDED ENTRY--TOPICAL TERM
Topical term or geographic name as entry element Educational Practices.
650 17 - SUBJECT ADDED ENTRY--TOPICAL TERM
Topical term or geographic name as entry element Educational Trends.
650 07 - SUBJECT ADDED ENTRY--TOPICAL TERM
Topical term or geographic name as entry element Employment Potential.
650 07 - SUBJECT ADDED ENTRY--TOPICAL TERM
Topical term or geographic name as entry element Federal Legislation.
650 07 - SUBJECT ADDED ENTRY--TOPICAL TERM
Topical term or geographic name as entry element Females.
650 07 - SUBJECT ADDED ENTRY--TOPICAL TERM
Topical term or geographic name as entry element Futures (of Society)
650 07 - SUBJECT ADDED ENTRY--TOPICAL TERM
Topical term or geographic name as entry element Individual Needs.
650 07 - SUBJECT ADDED ENTRY--TOPICAL TERM
Topical term or geographic name as entry element Industrialization.
650 07 - SUBJECT ADDED ENTRY--TOPICAL TERM
Topical term or geographic name as entry element Instructional Improvement.
650 07 - SUBJECT ADDED ENTRY--TOPICAL TERM
Topical term or geographic name as entry element Job Skills.
650 07 - SUBJECT ADDED ENTRY--TOPICAL TERM
Topical term or geographic name as entry element Job Training.
650 07 - SUBJECT ADDED ENTRY--TOPICAL TERM
Topical term or geographic name as entry element Labor Needs.
650 07 - SUBJECT ADDED ENTRY--TOPICAL TERM
Topical term or geographic name as entry element Linking Agents.
650 07 - SUBJECT ADDED ENTRY--TOPICAL TERM
Topical term or geographic name as entry element Networks.
650 07 - SUBJECT ADDED ENTRY--TOPICAL TERM
Topical term or geographic name as entry element Program Effectiveness.
650 07 - SUBJECT ADDED ENTRY--TOPICAL TERM
Topical term or geographic name as entry element Program Improvement.
650 17 - SUBJECT ADDED ENTRY--TOPICAL TERM
Topical term or geographic name as entry element School Role.
650 07 - SUBJECT ADDED ENTRY--TOPICAL TERM
Topical term or geographic name as entry element Secondary Education.
650 07 - SUBJECT ADDED ENTRY--TOPICAL TERM
Topical term or geographic name as entry element Values.
650 17 - SUBJECT ADDED ENTRY--TOPICAL TERM
Topical term or geographic name as entry element Vocational Education.
650 07 - SUBJECT ADDED ENTRY--TOPICAL TERM
Topical term or geographic name as entry element Work Attitudes.
650 07 - SUBJECT ADDED ENTRY--TOPICAL TERM
Topical term or geographic name as entry element Yearbooks.
650 07 - SUBJECT ADDED ENTRY--TOPICAL TERM
Topical term or geographic name as entry element Youth Problems.
653 0# - INDEX TERM--UNCONTROLLED
Uncontrolled term Comprehensive Employment and Training Act
-- Entrepreneurship
655 #7 -
Genre/form data or focus term Information Analyses.
Source of term ericd
655 #7 -
Genre/form data or focus term Opinion Papers.
Source of term ericd
655 #7 -
Genre/form data or focus term Reports, Descriptive.
Source of term ericd
700 1# - ADDED ENTRY--PERSONAL NAME
Personal name Greenwood, Katy B.,
710 2# - ADDED ENTRY--CORPORATE NAME
Corporate name or jurisdiction name as entry element American Vocational Association, Arlington, VA.
942 ## - ADDED ENTRY ELEMENTS (KOHA)
Source of classification or shelving scheme Dewey Decimal Classification
Koha item type Books
Holdings
Source of classification or shelving scheme Damaged status Not for loan Home library Current library Shelving location Total Checkouts Full call number Barcode Date last seen Copy number Koha item type
Dewey Decimal Classification     JCC Rouf Library JCC Rouf Library General Stacks   370.1130973 CON 1981 8142 01/16/2018 C - 1 Books

JCC Library | Contacts | JCC Home

Last Update on 23 September 2017
Copyright @ 2017-2020 JCC Rouf Library
Rouf Library, Jhenidah Cadet College (JCC), Bangladesh